| 000 | 01257nam0a2200337 4500 | ||
|---|---|---|---|
| 001 | RU\NLR\BIBL_A\012761377 | ||
| 005 | 20230824114341.0 | ||
| 010 |
_a978-5-9933-0339-0 _9500 |
||
| 021 |
_aRU _bКН-П-21-094563 _9КН-П-21-7556 |
||
| 035 | _a(NLR Aleph) 012761377 | ||
| 035 | _a(RuMoRGB)010943169 | ||
| 090 |
_a13063603 _c13063603 |
||
| 100 | _a20220414d2021 d y0rusy50 ca | ||
| 101 | 0 | _arus | |
| 102 | _aRU | ||
| 105 | _aac z 000zy | ||
| 181 | 0 |
_ai _baxxe |
|
| 182 | 0 | _an | |
| 200 | 1 |
_aМои границы и столицы _fГеоргий Лопухов |
|
| 203 |
_aТекст _bвизуальный _cнепосредственный |
||
| 210 |
_aМосква _cГраница _cСвамия _d2021 |
||
| 215 |
_a398, [1] с. _cил., портр. _d24 |
||
| 333 | _a12+ | ||
| 600 | 1 |
_aЛопухов _bГ. А. _f1929 _gГеоргий Андреевич _jВоспоминания, записки и т.п _92562896 _3RU\NLR\AUTH\6601728096 |
|
| 675 |
_a351.746.1(47+57)(093.3)<19> _v4 |
||
| 686 | 1 | _aЦ68,6(2)-243дЛопухов,013 | |
| 700 | 1 |
_aЛопухов _bГ. А. _gГеоргий Андреевич |
|
| 942 | _cBOOK | ||
| 980 | _aNB | ||